| 000 | 01032nam a22003257a 4500 | ||
|---|---|---|---|
| 001 | BR9904394 | ||
| 003 | BR-BrBNA | ||
| 005 | 20230928100530.0 | ||
| 007 | ta | ||
| 008 | 230509b bl.||||| |||| 00| 0 por d | ||
| 040 |
_aBR-BrBNA _bpor _cBiblioteca Nacional de Agricultura |
||
| 041 | _a(Por) | ||
| 072 | _aP33; U10 | ||
| 090 | _ P33 BR9904394 | ||
| 100 | 1 | _aGhiberto, P.J. | |
| 110 | 1 |
_aEscola Superior de Agricultura Luiz de Queiroz, Piracicaba, SP (Brasil) _0Tese (Mestre em Agronomia) |
|
| 245 | 1 | _aMetodologias para a obtencao de parametros utilizados em modelos de infiltracao da agua no solo | |
| 260 | 3 |
_aPiracicaba, SP (Brasil): _c1999. |
|
| 300 | _a79 p. | ||
| 500 | _aSummaries (Eng, Por); Bibliography p. 68-76; 14 illus.; 10 tables | ||
| 650 | _aAgua do Solo | ||
| 650 | _aInfiltracao | ||
| 650 | _aDrenagem | ||
| 650 | _aCondutividade Hidraulica | ||
| 650 | _aRelacao Solo-Agua | ||
| 650 | _aInfiltrometro | ||
| 650 | _aModelo Matematico | ||
| 909 |
_a202309 _bLucia _c55 _dLucia Elande |
||
| 942 | _cBK | ||
| 999 |
_c61703 _d61703 |
||